000 00850nam a2200265 i 4500
001 bg
100 1 _aTRACZEWSKA, Teodora Małgorzata
245 1 0 _aBiomonitoring mutagenności mikrozanieczyszczeń wody do picia /
_cTeodora Małgorzata Traczewska.
260 _aWrocław :
_bOficyna Wydawnicza Politechniki Wrocławskiej,
_c2002.
300 _a83 s. :
_bil. ;
_c24 cm.
504 _aBibliogr.
650 9 _aBioindykacja
650 9 _aMutagenność
_xbadanie
650 9 _aSubstancje rakotwórcze
_xbadanie
650 9 _aUzdatnianie wody
650 9 _aWoda
_xhigiena
_xbadanie
650 9 _aZwiązki aromatyczne
_xwpływ na zdrowie
_xbadanie
020 _a8370856209
040 _cBPK
041 0 _apol
080 _a628.1:574.2.08:615.9:543:614.87
920 _a83-7085-620-9
942 _cKS
008 s pl f |000 0 pol
999 _c42468
_d42468
856 _uhttp://koha.tu.koszalin.pl/cgi-bin/koha/opac-detail.pl?biblionumber=42468
_yKatalog online BPK